Linear circuit analysis / (Record no. 175618)
[ view plain ]
| 000 -LEADER | |
|---|---|
| fixed length control field | 01284 a2200217 4500 |
| 003 - CONTROL NUMBER IDENTIFIER | |
| control field | Nust |
| 005 - DATE AND TIME OF LATEST TRANSACTION | |
| control field | 20220812163050.0 |
| 010 ## - LIBRARY OF CONGRESS CONTROL NUMBER | |
| LC control number | 87014398 |
| 020 ## - INTERNATIONAL STANDARD BOOK NUMBER | |
| International Standard Book Number | 0135367158 |
| 040 ## - CATALOGING SOURCE | |
| Transcribing agency | Nust |
| 082 00 - DEWEY DECIMAL CLASSIFICATION NUMBER | |
| Classification number | 621.38132,MAD |
| 100 1# - MAIN ENTRY--PERSONAL NAME | |
| Personal name | Madhu, Swaminathan. |
| 9 (RLIN) | 97049 |
| 245 10 - TITLE STATEMENT | |
| Title | Linear circuit analysis / |
| Statement of responsibility, etc. | S. Madhu with contributions from R. Unnikrishnan. |
| 260 ## - PUBLICATION, DISTRIBUTION, ETC. | |
| Place of publication, distribution, etc. | Englewood Cliffs, N.J. : |
| Name of publisher, distributor, etc. | Prentice-Hall, |
| Date of publication, distribution, etc. | c1988. |
| 300 ## - PHYSICAL DESCRIPTION | |
| Extent | xxiii, 833 p. : |
| Other physical details | ill. ; |
| Dimensions | 25 cm. |
| 505 ## - FORMATTED CONTENTS NOTE | |
| Formatted contents note | Basic Concepts, Components and Las of Electric Circuits (Page-1), Series and Parallel Circuits (Page-56), Methods of Branch Currents Loop and Mesh Analysis (Page-168), Network Theorems (Page-230), Circuits Containing Capacitors and Inductors (Page-264),Sinusoidal Steady State-Time Domain Analysis (Page-318), Phasors, Impedance and Admittance (Page-347), Network in the Sinusoidal steady State (Page-402) Magnetic Circuits Coupled Coils and Three Phase (Page-472), Resonant Circuits (page-528), Complex Frequency and Network Functions (Page-573), Tow-Ports (Page-614),Nousinsoidal Signals Fourier Methods (Page-661), Laplace Transformation (Page-734). |
| 650 #0 - SUBJECT ADDED ENTRY--TOPICAL TERM | |
| Topical term or geographic name entry element | Electric circuits, Linear. |
| 9 (RLIN) | 94376 |
| 650 #0 - SUBJECT ADDED ENTRY--TOPICAL TERM | |
| Topical term or geographic name entry element | Electric networks. |
| 9 (RLIN) | 41311 |
| 700 1# - ADDED ENTRY--PERSONAL NAME | |
| Personal name | Unnikrishnan, R. |
| 9 (RLIN) | 97050 |
| 942 ## - ADDED ENTRY ELEMENTS (KOHA) | |
| Source of classification or shelving scheme | |
| Koha item type | Book |
| Withdrawn status | Lost status | Source of classification or shelving scheme | Damaged status | Not for loan | Permanent Location | Current Location | Shelving location | Date acquired | Full call number | Barcode | Date last seen | Price effective from | Koha item type | Public note |
|---|---|---|---|---|---|---|---|---|---|---|---|---|---|---|
| Military College of Signals (MCS) | Military College of Signals (MCS) | Reference | 12/12/2016 | 621.38132,MAD | MCS574 | 12/08/2016 | 12/12/2016 | Reference | Almirah No.21, Shelf No.4 |
